Регионална библиотека "Любен Каравелов" - Русе

Накануне (Запис номер 486333)

MARC детайли
000 -Лидер
Контролно поле с фиксирана дължина nam a22 a 4500
003 - Код на организацията, давaща контролен номер
Контролно поле BLK
005 - Дата и час на последна редакция
Контролно поле 20221212155507.0
008 - Елементи от данни с фиксирана дължина
fixed length control field 221013b bul|||||r ||||||| ||bul||
040 ## - Източник на каталожния запис
Идентификатор на билиотеката - собственик на записа BLK
041 ## - Код за език
Код за езика на текст/звукозапис или на отделно заглавие Руски
Код за езика КДБФ Руски
080 ## - УДК
Текстов определител УДК Руска литература
УДК код - определител по УДК 821.161.1
УДК определител -31
УДК - код + определител 821.161.1-31
100 1# - Редна дума - Автор
Автор Тургенев, Иван Сергеевич
Авторска отговорност първи автор
R(LIN) 365685
139 ## - Редно поле
Редна дума Тургенев, Иван Сергеевич
Авторски знак Тург - Т 92
245 10 - Сведения за заглавието
Заглавие Накануне
Подзаглавни данни Роман [За извънкл. четене за учениците от VIII - X кл.]
Редно поле (дума) И. С. Тургенев ; състав. Ана Н. Григорова ; худож. Иван Кирков.
250 ## - Област на изданието
Сведения за изданието 2. [адапт.] изд.
257 ## - Страна на издаване
Страна на създаване/издаване Русия
260 ## - Област на издателските данни
Място на издаване, разпространение и проч. София
Име на издателя, разпространителя и проч. Нар. просв.
Година на издаване 1981
9 (RLIN) 216179
300 ## - Физическа характеристика
Страници 160 с.
Илюстрации и др. с ил.
Размери/Мащаб 21 см
380 ## - Жанр
Жанр Худож. лит.
700 ## - Други автори (авторска отговорност)
9 (RLIN) 1478
Лично име Григорова, Ана Николова
Автороска отговорност (Описва отношението между автора и произведението) състав.
700 ## - Други автори (авторска отговорност)
9 (RLIN) 263615
Лично име Кирков, Иван Николов
Автороска отговорност (Описва отношението между автора и произведението) худож.
852 ## - Местоположение
Форматна сигнатура Цб 109489
Фондова буква Хранилище
856 ## - Електронен адрес и достъп
Инструкция (цена за достъп) 0.00
Права за достъп disable
999 ## - СИСТЕМНИ КОНТРОЛНИ НОМЕРА
Koha biblionumber 486333
Koha biblioitemnumber 486333
942 ## - АРТИКУЛИ
Вид на библиотечния материал Книги
Скрит в OPAC Не
Периодичен библиозапис Да
944 ## - СЪЗДАВАНЕ И РЕДАКЦИЯ на ЗАПИСА
Създаване/Редакция Създаване
Дата на регистрацията/редакция 2022-12-12
Служител, извършил регистрацията/редакцията Кети
Наличности
Код за отписване Код за изгубен артикул Източник на класификационната схема Код за повреда Коз за рестрикции Код за отдаване Артикулен № Име на библиотеката - собственик Име на библиотеката, в която се намира в момента Статус (Текущо местоположение) Дата на вписване в системата Местоположение - отдел Цена в лева Инвентарен номер Систематично азбучна сигнатура Баркод Цена в евро Служебен тип на артикула
  Не е изгубен Universal Decimal Classification Не е повреден само за читалня ползва се в читалня 919473 Регионална библиотека "Любен Каравелов" Русе Регионална библиотека "Любен Каравелов" Русе Хранилище 2022-12-14 Хранилище 0.76 331410 Цб 109489 120000331410 0.39 Книги
Vip Innovations Ltd, Rousse, Bulgaria 2025